000 00843nab a2200253 u 4500
001 18148
003 HDC
007 cr bn ---aaaaa
008 210225c mydr|noo 0 a may d
040 _aHDC
100 _aFrancis Andin
_eauthor
_917160
245 0 _aMenteri mahu penternak operasi secara komersial /
_cby Francis Andin
260 _aMalaysia :
_bBerita Harian,
_c2004
336 _atext
_2rdacontent
337 _acomputer
_2rdamedia
338 _aonline resource
_2rdacarrier
650 _aagriculture industry
_92340
650 _adairy manufacturer
_916718
710 _aBerita Harian
856 _zRequest full-text at [email protected]
942 _2lcc
942 _cNEWS
942 _kNWSO 008797
999 _c15464
_d15464